书目信息 |
| 题名: |
中国《现代化》的幻想
|
|
| 作者: | 长谷川庆太郎 著 ;王宗林 译 | |
| 分册: | ||
| 出版信息: | 北京 三联书店 1981 |
|
| 页数: | 114页 | |
| 开本: | 20cm | |
| 丛书名: | ||
| 单 册: | ||
| 中图分类: | F124.1 | |
| 科图分类: | ||
| 主题词: | 经济--中国 | |
| 电子资源: | ||
| ISBN: | ||
| 000 | 00736nam0 2200205 450 | |
| 001 | 0664613203 | |
| 005 | 20060817155121.07 | |
| 010 | @dCNY0.34 | |
| 100 | @a20060814d1981 km y0chiy0120 ea | |
| 101 | 0 | @achi@cjpn |
| 200 | 1 | @a中国《现代化》的幻想@e从新的角度看日中关系@Azhong guo《xian dai hua》de huan xiang@f(日)长谷川庆太郎著@F(ri)chang gu chuan qing tai lang zhu@g王宗林译@Gwang zong lin yi |
| 210 | @a北京@c三联书店@d1981 | |
| 215 | @a114页@d20cm | |
| 517 | 1 | @a从新的角度看日中关系@Acong xin de jiao du kan ri zhong guan xi |
| 606 | 0 | @a经济@x中国 |
| 690 | @aF124.1@v3 | |
| 701 | 0 | @a长谷川庆太郎@Achang gu chuan qing tai lang@4著 |
| 702 | 0 | @a王宗林@Awang zong lin@4译 |
| 801 | 0 | @aCN@bPFT@c20060817 |
| 905 | @a10447@dF124.1@e68 | |
| 中国《现代化》的幻想:从新的角度看日中关系/(日)长谷川庆太郎著/王宗林译.-北京:三联书店,1981 |
| 114页;20cm |
| ISBN :CNY0.34 |
| ● |
| 相关链接 |
|
|
|
|
正题名:中国《现代化》的幻想
索取号:F124.1/68
 
预约/预借
| 序号 | 登录号 | 条形码 | 馆藏地/架位号 | 状态 | 备注 |
| 1 | 0460031 | 204600315 | 密集书库/ [索取号:F124.1/68] | 在馆 | |
| 2 | 0465423 | 204654230 | 密集书库/ [索取号:F124.1/68] | 在馆 |